[Event "BIH-chT 29th"]
[Site "Bihac"]
[Date "2022.08.28"]
[Round "9.3"]
[White "Dumpor, Atif"]
[Black "Zenelaj, Samuel"]
[Result "0-1"]
[WhiteElo "2238"]
[BlackElo "2289"]
[PlyCount "74"]
[EventDate "2022.08.23"]
[EventType "tourn"]
[EventRounds "9"]
[EventCountry "BIH"]
[SourceTitle "CBM 210 Extra"]
[Source "ChessBase"]
[SourceDate "2022.11.30"]
[SourceVersion "1"]
[SourceVersionDate "2022.11.30"]
[SourceQuality "1"]

1. d4 Nf6 2. c4 e6 3. Nc3 d5 4. cxd5 exd5 5. Bg5 Be7 6. e3 c6 7. Bd3 0-0 8. Nge2 h6 9. Bh4 Nbd7 10. Qc2 Re8 11. Bg3 Nh5 12. Nxd5 cxd5 13. Bc7 Bb4+ 14. Kf1 Qe7 15. a3 Bd6 16. Ba5 Nhf6 17. Bd2 Nb6 18. Re1 Ne4 19. Bc1 Qh4 20. Ng1 Bd7 21. g3 Bh3+ 22. Nxh3 Qxh3+ 23. Kg1 Rac8 24. Qe2 Rc7 25. b3 Bf8 26. f3 Nf6 27. Kf2 Nc8 28. Bb2 Nd6 29. Qf1 Qe6 30. Qe2 g6 31. g4 h5 32. gxh5 Nxh5 33. Reg1 Bh6 34. f4 Bxf4 35. exf4 Qxe2+ 36. Bxe2 Rc2 37. Re1 Rxb2 0-1

[Event "Jelah Akademija 002"]
[Site "Jelah"]
[Date "2022.05.09"]
[Round "10.3"]
[White "Dumpor, Atif"]
[Black "Runic, Zoran"]
[Result "1/2-1/2"]
[WhiteElo "2250"]
[BlackElo "2253"]
[PlyCount "41"]
[EventDate "2022.05.04"]
[EventType "tourn"]
[EventRounds "10"]
[EventCountry "BIH"]
[SourceTitle "CBM 208 Extra"]
[Source "ChessBase"]
[SourceDate "2022.07.31"]
[SourceVersion "1"]
[SourceVersionDate "2022.07.31"]
[SourceQuality "1"]

1. c4 Nf6 2. Nf3 g6 3. g3 Bg7 4. Bg2 0-0 5. 0-0 d6 6. d4 Nc6 7. Nc3 a6 8. d5 Na5 9. Nd2 c5 10. Qc2 Rb8 11. a4 e6 12. Rb1 exd5 13. cxd5 b5 14. axb5 axb5 15. b4 cxb4 16. Rxb4 Bd7 17. Nde4 Nxe4 18. Nxe4 Nc4 19. Bg5 f6 20. Bf4 Rc8 21. Qb1 1/2-1/2

[Event "Jelah Akademija 002"]
[Site "Jelah"]
[Date "2022.05.08"]
[Round "9.2"]
[White "Stavnjak, Lazar"]
[Black "Dumpor, Atif"]
[Result "1/2-1/2"]
[WhiteElo "2154"]
[BlackElo "2250"]
[PlyCount "38"]
[EventDate "2022.05.04"]
[EventType "tourn"]
[EventRounds "10"]
[EventCountry "BIH"]
[SourceTitle "CBM 208 Extra"]
[Source "ChessBase"]
[SourceDate "2022.07.31"]
[SourceVersion "1"]
[SourceVersionDate "2022.07.31"]
[SourceQuality "1"]

1. e4 d6 2. d4 Nf6 3. Nc3 g6 4. Nf3 Bg7 5. Bc4 c6 6. 0-0 0-0 7. a4 Nbd7 8. Qe2 e5 9. Bg5 Qc7 10. Ba2 h6 11. Bxf6 Nxf6 12. dxe5 dxe5 13. Rfd1 Qe7 14. h3 Be6 15. Bxe6 Qxe6 16. Rd2 Rac8 17. Rd8 Ra8 18. Rd2 Rad8 19. Rxd8 Rxd8 1/2-1/2

[Event "Konjic 10th"]
[Site "Konjic"]
[Date "2021.03.01"]
[Round "6"]
[White "Ristic, Nenad"]
[Black "Dumpor, Atif"]
[Result "1/2-1/2"]
[WhiteElo "2330"]
[BlackElo "2268"]
[PlyCount "24"]
[EventDate "2021.02.26"]
[EventType "tourn"]
[EventRounds "9"]
[EventCountry "BIH"]
[EventCategory "3"]
[SourceTitle "CBM 201 Extra"]
[Source "ChessBase"]
[SourceDate "2021.05.31"]
[SourceVersion "1"]
[SourceVersionDate "2021.05.31"]
[SourceQuality "1"]

1. e4 Nf6 2. e5 Nd5 3. d4 d6 4. Nf3 Bg4 5. h3 Bh5 6. Bc4 Nb6 7. Bb3 Nc6 8. Ng5 Bxd1 9. Bxf7+ Kd7 10. Be6+ Ke8 11. Bf7+ Kd7 12. Be6+ Ke8 1/2-1/2

[Event "Konjic 10th"]
[Site "Konjic"]
[Date "2021.02.28"]
[Round "5"]
[White "Dumpor, Atif"]
[Black "Mrndjic, Muamer"]
[Result "0-1"]
[WhiteElo "2268"]
[BlackElo "2257"]
[PlyCount "57"]
[EventDate "2021.02.26"]
[EventType "tourn"]
[EventRounds "9"]
[EventCountry "BIH"]
[EventCategory "3"]
[SourceTitle "CBM 201 Extra"]
[Source "ChessBase"]
[SourceDate "2021.05.31"]
[SourceVersion "1"]
[SourceVersionDate "2021.05.31"]
[SourceQuality "1"]

1. e4 c6 2. d4 d5 3. exd5 cxd5 4. c4 Nf6 5. Nc3 g6 6. Bf4 Bg7 7. h3 Nc6 8. c5 0-0 9. Bb5 Ne4 10. Bxc6 Nxc3 11. bxc3 bxc6 12. Ne2 Qa5 13. 0-0 Ba6 14. Bd2 e5 15. Re1 Rfe8 16. Nc1 exd4 17. Nb3 Qa3 18. cxd4 Bc4 19. Be3 Rab8 20. Qc2 a5 21. g3 h5 22. Kg2 Bxb3 23. axb3 Qxb3 24. Qxb3 Rxb3 25. Rxa5 Bf6 26. Ra6 Re6 27. Rb6 Rd3 28. Rb4 Re4 29. Kf1 0-1

[Event "Konjic 10th"]
[Site "Konjic"]
[Date "2021.02.27"]
[Round "3"]
[White "Dumpor, Atif"]
[Black "Muratovic, Efim"]
[Result "1/2-1/2"]
[WhiteElo "2268"]
[BlackElo "2365"]
[PlyCount "50"]
[EventDate "2021.02.26"]
[EventType "tourn"]
[EventRounds "9"]
[EventCountry "BIH"]
[EventCategory "3"]
[SourceTitle "CBM 201 Extra"]
[Source "ChessBase"]
[SourceDate "2021.05.31"]
[SourceVersion "1"]
[SourceVersionDate "2021.05.31"]
[SourceQuality "1"]

1. d4 d5 2. Nf3 Nf6 3. g3 c6 4. Bg2 Bf5 5. 0-0 h6 6. Nbd2 e6 7. c4 Nbd7 8. b3 Be7 9. Bb2 0-0 10. Ne5 a5 11. Nxd7 Qxd7 12. Nf3 Qc7 13. c5 Nd7 14. Rc1 Bf6 15. Qd2 Be4 16. Qf4 Qxf4 17. gxf4 g5 18. fxg5 hxg5 19. h3 Kg7 20. Ne5 Bxe5 21. dxe5 Bf5 22. f4 Rh8 23. Rc3 gxf4 24. Rxf4 Bg6 25. e4 Rh5 1/2-1/2

[Event "BIH-chT 18th"]
[Site "Tuzla"]
[Date "2019.06.11"]
[Round "4.5"]
[White "Burovic, Ismet"]
[Black "Dumpor, Atif"]
[Result "1/2-1/2"]
[WhiteElo "2337"]
[BlackElo "2279"]
[PlyCount "23"]
[EventDate "2019.06.08"]
[EventType "team-tourn"]
[EventRounds "9"]
[EventCountry "BIH"]
[SourceTitle "CBM 190 Extra"]
[Source "ChessBase"]
[SourceDate "2019.07.15"]
[SourceVersion "1"]
[SourceVersionDate "2019.07.15"]
[SourceQuality "1"]
[WhiteTeam "Sarajevo Napredak"]
[BlackTeam "Trebinje Leotar"]
[WhiteTeamCountry "BIH"]
[BlackTeamCountry "BIH"]

1. e4 d6 2. d4 Nf6 3. Nc3 c6 4. f4 Qc7 5. Nf3 Bg4 6. Bd3 Nbd7 7. h3 Bxf3 8. Qxf3 e5 9. Be3 0-0-0 10. 0-0-0 a6 11. Rhe1 b5 12. g4 1/2-1/2

[Event "BIH-chT 18th"]
[Site "Tuzla"]
[Date "2019.06.09"]
[Round "2.4"]
[White "Jelcic, Marko"]
[Black "Dumpor, Atif"]
[Result "1/2-1/2"]
[WhiteElo "2120"]
[BlackElo "2279"]
[PlyCount "67"]
[EventDate "2019.06.08"]
[EventType "team-tourn"]
[EventRounds "9"]
[EventCountry "BIH"]
[SourceTitle "CBM 190 Extra"]
[Source "ChessBase"]
[SourceDate "2019.07.15"]
[SourceVersion "1"]
[SourceVersionDate "2019.07.15"]
[SourceQuality "1"]
[WhiteTeam "Siroki Brijeg"]
[BlackTeam "Trebinje Leotar"]
[WhiteTeamCountry "BIH"]
[BlackTeamCountry "BIH"]

1. e4 c6 2. d4 d6 3. Nc3 Qc7 4. f4 e5 5. Nf3 Nd7 6. a4 Ngf6 7. Bc4 Be7 8. 0-0 0-0 9. Kh1 exd4 10. Qxd4 Qb6 11. Be3 Qxd4 12. Bxd4 Nb6 13. Bb3 Bg4 14. h3 Be6 15. Bxe6 fxe6 16. Ng5 e5 17. fxe5 dxe5 18. Bg1 Bb4 19. Rf3 Rfe8 20. Rd3 h6 21. Nf3 Bxc3 22. Rxc3 Nxe4 23. Re3 Nd6 24. Rxe5 Rxe5 25. Nxe5 Re8 26. a5 Rxe5 27. axb6 axb6 28. Bxb6 Re2 29. Rc1 Nc4 30. Bd4 b5 31. Kg1 Nd2 32. Ra1 g5 33. Ra6 Re6 34. b3 1/2-1/2

[Event "BIH-chT1"]
[Site "Bosanska Krupa"]
[Date "2018.08.28"]
[Round "6"]
[White "Dumpor, Atif"]
[Black "Avdic, Adnan"]
[Result "1/2-1/2"]
[WhiteElo "2303"]
[BlackElo "2203"]
[PlyCount "22"]
[EventDate "2018.08.25"]
[EventType "tourn"]
[EventRounds "9"]
[EventCountry "BIH"]
[SourceTitle "CBM 186 Extra"]
[Source "ChessBase"]
[SourceDate "2018.08.24"]
[SourceVersion "1"]
[SourceVersionDate "2018.08.24"]
[SourceQuality "1"]

1. d4 f5 2. c4 Nf6 3. Nc3 e6 4. Nf3 Be7 5. g3 0-0 6. Bg2 d5 7. cxd5 exd5 8. 0-0 c6 9. Bf4 Ne4 10. Qb3 Qb6 11. h4 Nd7 1/2-1/2

[Event "BIH-chT1"]
[Site "Bosanska Krupa"]
[Date "2018.08.26"]
[Round "2"]
[White "Dumpor, Atif"]
[Black "Terzic, Ilijas"]
[Result "1/2-1/2"]
[WhiteElo "2303"]
[BlackElo "2143"]
[PlyCount "40"]
[EventDate "2018.08.25"]
[EventType "tourn"]
[EventRounds "9"]
[EventCountry "BIH"]
[SourceTitle "CBM 186 Extra"]
[Source "ChessBase"]
[SourceDate "2018.08.24"]
[SourceVersion "1"]
[SourceVersionDate "2018.08.24"]
[SourceQuality "1"]

1. d4 Nf6 2. Nf3 e6 3. c4 d5 4. Nc3 Bb4 5. Qb3 c5 6. e3 Nc6 7. dxc5 Ne4 8. Be2 Qa5 9. 0-0 Bxc3 10. bxc3 0-0 11. cxd5 exd5 12. c4 Nxc5 13. Qb5 dxc4 14. Bxc4 Be6 15. Bd2 Qxb5 16. Bxb5 Ne4 17. Bxc6 bxc6 18. Rfc1 Rfd8 19. Bb4 a5 20. Ba3 Rd3 1/2-1/2

[Event "BIH-chT 15th"]
[Site "Bihac"]
[Date "2016.07.22"]
[Round "7.3"]
[White "Kurtcehajic, Suad"]
[Black "Dumpor, Atif"]
[Result "1/2-1/2"]
[WhiteElo "2040"]
[BlackElo "2312"]
[PlyCount "76"]
[EventDate "2016.07.16"]
[EventType "team-tourn"]
[EventRounds "9"]
[EventCountry "BIH"]
[SourceTitle "CBM 173 Extra"]
[Source "ChessBase"]
[SourceDate "2016.08.29"]
[SourceVersion "1"]
[SourceVersionDate "2016.08.29"]
[SourceQuality "1"]
[WhiteTeam "Gorazde"]
[BlackTeam "Bihac"]
[WhiteTeamCountry "BIH"]
[BlackTeamCountry "BIH"]

1. e4 e5 2. Nf3 Nc6 3. Bc4 Be7 4. d4 d6 5. dxe5 dxe5 6. Qxd8+ Bxd8 7. h3 Nf6 8. Nc3 0-0 9. 0-0 a6 10. a4 h6 11. Re1 Re8 12. Be3 Nb4 13. Re2 b6 14. Nd5 Be6 15. Nxf6+ Bxf6 16. Bxe6 Rxe6 17. Rd1 Kf8 18. Red2 Ke8 19. Ne1 Rd8 20. f3 Rxd2 21. Rxd2 Bh4 22. Nd3 Nc6 23. Nc1 Na5 24. b3 c5 25. Ne2 Nc6 26. g3 Bg5 27. Bxg5 hxg5 28. c3 Na5 29. b4 Nc4 30. Rd5 Rd6 31. Rxd6 Nxd6 32. Nc1 cxb4 33. cxb4 Kd7 34. Kf2 Kc6 35. Ke2 Nc4 36. Nd3 f6 37. Ke1 a5 38. bxa5 bxa5 1/2-1/2

[Event "BIH-chT 15th"]
[Site "Bihac"]
[Date "2016.07.17"]
[Round "2.5"]
[White "Narancic, Vlado"]
[Black "Dumpor, Atif"]
[Result "1/2-1/2"]
[WhiteElo "2299"]
[BlackElo "2312"]
[PlyCount "24"]
[EventDate "2016.07.16"]
[EventType "team-tourn"]
[EventRounds "9"]
[EventCountry "BIH"]
[SourceTitle "CBM 173 Extra"]
[Source "ChessBase"]
[SourceDate "2016.08.29"]
[SourceVersion "1"]
[SourceVersionDate "2016.08.29"]
[SourceQuality "1"]
[WhiteTeam "Srbac"]
[BlackTeam "Bihac"]
[WhiteTeamCountry "BIH"]
[BlackTeamCountry "BIH"]

1. Nf3 Nf6 2. c3 d5 3. d3 g6 4. g3 Bg7 5. Bg2 0-0 6. 0-0 c5 7. Nbd2 Nc6 8. Qc2 e5 9. Re1 h6 10. e4 Re8 11. a4 dxe4 12. dxe4 Be6 1/2-1/2

[Event "Kragujevac Sumarice IM"]
[Site "Kragujevac"]
[Date "2015.11.21"]
[Round "7"]
[White "Djokic, Nenad"]
[Black "Dumpor, Atif"]
[Result "1-0"]
[WhiteElo "2342"]
[BlackElo "2335"]
[PlyCount "131"]
[EventDate "2015.11.17"]
[EventType "tourn"]
[EventRounds "10"]
[EventCountry "SRB"]
[EventCategory "4"]
[SourceTitle "CBM 169 Extra"]
[Source "ChessBase"]
[SourceDate "2015.12.18"]
[SourceVersion "1"]
[SourceVersionDate "2015.12.18"]
[SourceQuality "1"]

1. d4 Nf6 2. Nf3 d5 3. c4 e6 4. cxd5 exd5 5. Nc3 Be7 6. Bg5 Nbd7 7. e3 c6 8. Qc2 Nf8 9. Bd3 Ne6 10. Bh4 g6 11. 0-0 Ng7 12. Rab1 0-0 13. b4 a6 14. a4 Bf5 15. b5 axb5 16. axb5 Ra3 17. bxc6 bxc6 18. Bxf5 Nxf5 19. Bxf6 Bxf6 20. Rfc1 Qa5 21. Qb2 Kg7 22. Qb6 Qa8 23. Ne2 Rc8 24. Nf4 Nd6 25. g4 h6 26. h4 Ra6 27. Qb4 Be7 28. h5 Ra4 29. Qe1 g5 30. Nd3 Ne4 31. Nd2 Nf6 32. Ne5 Bb4 33. Qd1 c5 34. Ra1 Rxa1 35. Rxa1 Qb8 36. Nf1 Ne4 37. Qf3 Qb7 38. Rb1 Qe7 39. Qf5 Rc7 40. Nd3 Nc3 41. Nxb4 cxb4 42. Rxb4 Rc6 43. Rb2 Re6 44. Kg2 Qa7 45. Ng3 Ne4 46. Qxd5 Nxg3 47. Kxg3 Qa1 48. Rb5 Qe1 49. Qf3 Qg1+ 50. Qg2 Qe1 51. Kh2 Rf6 52. Rf5 Rxf5 53. gxf5 Qe2 54. Kg3 Qxh5 55. Qf3 Qh4+ 56. Kg2 g4 57. Qf4 h5 58. e4 Qh3+ 59. Kg1 Qc3 60. e5 Qe1+ 61. Kg2 Kh7 62. f6 Kg6 63. d5 Qd1 64. d6 Qd3 65. Qe3 Qd5+ 66. Kg3 1-0

[Event "Kragujevac Sumarice IM"]
[Site "Kragujevac"]
[Date "2015.11.20"]
[Round "5"]
[White "Dumpor, Atif"]
[Black "Djordjevic, Vuk D"]
[Result "1/2-1/2"]
[WhiteElo "2335"]
[BlackElo "2381"]
[PlyCount "83"]
[EventDate "2015.11.17"]
[EventType "tourn"]
[EventRounds "10"]
[EventCountry "SRB"]
[EventCategory "4"]
[SourceTitle "CBM 169 Extra"]
[Source "ChessBase"]
[SourceDate "2015.12.18"]
[SourceVersion "1"]
[SourceVersionDate "2015.12.18"]
[SourceQuality "1"]

1. d4 Nf6 2. Nf3 e6 3. c4 b6 4. g3 Ba6 5. b3 Bb4+ 6. Bd2 Be7 7. Nc3 d5 8. Bg2 c6 9. Ne5 0-0 10. cxd5 cxd5 11. 0-0 Bb7 12. a3 Nbd7 13. Bf4 Ne4 14. Qd3 Nxe5 15. Bxe5 Nxc3 16. Qxc3 Ba6 17. Qb2 Bg5 18. Rfd1 Rc8 19. h4 Be7 20. Rdc1 Qd7 21. Bf1 h6 22. Bf4 Bb5 23. a4 Bc6 24. h5 a5 25. e3 Bd6 26. Ba6 Ra8 27. Qe2 Bxf4 28. gxf4 Rfb8 29. Rc3 b5 30. axb5 Bxb5 31. Bxb5 Rxb5 32. Rac1 Rb7 33. Qd3 f5 34. Qc2 Rab8 35. Rc8+ Rxc8 36. Qxc8+ Qxc8 37. Rxc8+ Kf7 38. Ra8 Rb5 39. Ra7+ Kf6 40. Ra6 Ke7 41. Kf1 Kf6 42. Kg2 1/2-1/2